000
00325nam a22001337a 4500
008
181204b xxu||||| |||| 00| 0 eng d
020
_a
9781430216261
041
_a
eng
080
_a
004
100
_a
39
101
_a
SHK
245
_a
Beginnig Iphone Development Exploring The Iphone Sdk
_c
Mark d
942
_2
udc
_c
BK
999
_c
52789
_d
52789